Gaming Quiz

Random Gaming or Pokémon Quiz

Mega-Evolving Pokémon (Gen. 4) (Picture Click) Quiz Stats

 Plays Quiz not verified by Sporcle

Score 0/5 Timer 02:00
3 Plays Today
% Correct
Garchomp
90.1%
Lucario
88.9%
Gallade
78.9%
Abomasnow
77.4%
Lopunny
73.4%

You're not logged in!

Compare scores with friends on all Sporcle quizzes.
OR
Log In

Sporcle TV

Today on Sporcle TV


Watch our educational content, quiz creation guides, and fun videos on Sporcle TV.

Show Comments

Extras

Top Quizzes Today


Score Distribution

Your Account Isn't Verified!

In order to create a playlist on Sporcle, you need to verify the email address you used during registration. Go to your Sporcle Settings to finish the process.

Report this User

Report this user for behavior that violates our Community Guidelines.

Details: